000 00732nam a22001937a 4500
001 BD-DhSAU 6611
003 BD-DhSAU
005 20150510130629.0
008 150510b1969 bg a||||r|||| 000 0 ben d
040 _aBD-DhSAU
082 _222
_a572
_bHAJ
100 _aখন্দকার, আবদুল হক
245 _aজীবন-রসায়ন /
_cমূলঃ ক্যাথরিন বি হফম্যান। অনুবাদঃ আবদুল হক খন্দকার
260 _aঢাকা :
_bগ্রীণ বুক হাউস,
_c১৯৬৯.
300 _a১২৮ পৃ. :
_bচিত্র ;
_c২১ সেমি
590 _ajoy
650 _aChemistry.
650 _aরসায়ন
942 _2ddc
_cBOOK
999 _c6611
_d6611